Statistiken für LTB-Charaktere

Klicken Sie hier um das Quiz zu spielen!

Allgemein

  • Dieses Quiz wurde 62 mal gespielt
  • Das Durchschnittsergebnis liegt bei 13 aus 16

Antwortstatistiken

Antwort% Korrekt
Donald Duck
100%
Micky Maus
100%
Minnie Maus
100%
Daisy Duck
98%
Goofy
98%
Dagobert Duck
93%
Panzerknacker
93%
Tick Trick und Track
86%
Daniel Düsentrieb
80%
Gustav Gans
76%
Kater Karlo
76%
Opa Knack
63%
Dussel Duck
59%
Gundel Gaukeley
58%
Klaas Klever
53%
Baptist
44%

Verteilung der Resultate

Perzentil nach korrekt beantworteten Fragen

Anzahl Personen mit jedem Resultat

Ihre Resultats-Entwicklung

Sie haben dieses Quiz noch nicht gespielt